| 000 | 00698nam a22002537a 4500 | ||
|---|---|---|---|
| 005 | 20251229133451.0 | ||
| 008 | 251229b |||||||| |||| 00| 0 eng d | ||
| 020 |
_a978-93-6386-849-6 _cRs.1155.00 |
||
| 040 | _aLoreto College | ||
| 041 | _aEnglish | ||
| 082 |
_a519.5 _bFEL |
||
| 100 | _aFeller, William | ||
| 245 |
_aAn introduction to probability theory and its application V.1 _cWilliam Feller |
||
| 250 | _a3rd ed. | ||
| 260 |
_aNew Delhi _bWiley _c2025 |
||
| 300 | _a502p.;24cm. | ||
| 500 | _aIncludes index | ||
| 700 |
_4Auth _aMisra,Amit Kumar |
||
| 700 |
_4Auth _aMond. Arshad |
||
| 700 |
_4Auth _aSingh,Ravinder |
||
| 700 |
_4Auth _aGuha,Suman |
||
| 850 | _aLCLIB | ||
| 942 | _cBK | ||
| 999 |
_c44200 _d94679 |
||